| 000 | 00648nam a2200205 i 4500 | ||
|---|---|---|---|
| 001 | 93136 | ||
| 003 | ES-MaACL | ||
| 005 | 20251003190259.0 | ||
| 007 | t| | ||
| 008 | 050407s1965 sp ||||1| spa d | ||
| 100 | 1 |
_aLombardi, Franco. _973186 |
|
| 245 | 1 | 0 |
_aConcepto de libertad / _cFranco Lombardi; [traducción de Constantino Lascaris y Guillermo Malavassi]. |
| 260 |
_aMadrid : _bTridente, _c1965. |
||
| 300 |
_a195 p. ; _c22 cm. |
||
| 650 | 0 | 4 |
_aLibertad. _914400 |
| 700 | 1 |
_aMalavassi, Guillermo. _975700 |
|
| 700 | 1 |
_aLáscaris Comneno, Constantino, _d1923-1979 _970425 |
|
| 852 |
_aES-MaACL _jE-690 _bR.56664 |
||
| 999 |
_c93136 _d93136 |
||